[Event "EYTCC U12 Open 2019"]
[Site "Pardubice"]
[Date "2019.07.17"]
[Round "7.21"]
[White "Herega, Nejc"]
[Black "Royal, Shreyas"]
[Result "0-1"]
[WhiteElo "1939"]
[BlackElo "1996"]
[Annotator "NA"]
[PlyCount "68"]
[EventDate "2019.07.11"]
[EventType "swiss"]
[EventCountry "CZE"]
[SourceTitle "playchess.com"]
[Source "ChessBase"]
[SourceQuality "1"]
[WhiteTeam "Slovenia"]
[BlackTeam "England"]
[WhiteTeamCountry "SLO"]
[BlackTeamCountry "ENG"]
[TimeControl "40/5400+30:1800+30"]

1. d4 {[%emt 0:00:00]} Nf6 {[%emt 0:00:00]} 2. c4 {[%emt 0:00:00]} g6 {[%emt 0:00:13]} 3. Nc3 {[%emt 0:00:00]} Bg7 {[%emt 0:00:23]} 4. e4 {[%emt 0:00:05]} d6 {[%emt 0:00:27]} 5. Be2 {[%emt 0:00:07]} O-O {[%emt 0:00:36]} 6. Bg5 {[%emt 0:00:05]} c5 {[%emt 0:01:29]} 7. d5 {[%emt 0:00:08]} e6 {[%emt 0:00:31]} 8. Nf3 {[%emt 0:02:19]} exd5 {[%emt 0:00:48]} 9. exd5 {[%emt 0:00:17]} Qb6 {[%emt 0:01:12]} 10. Qd2 {[%emt 0:04:22]} Bf5 {[%emt 0:00:26]} 11. Rc1 {[%emt 0:11:37]} Ne4 {[%emt 0:04:45]} 12. Nxe4 {[%emt 0:01:16]} Bxe4 {[%emt 0:00:06]} 13. b3 {[%emt 0:01:55]} Bxf3 {[%emt 0:11:56]} 14. Bxf3 {[%emt 0:01:01]} Re8+ {[%emt 0:00:05]} 15. Be2 {[%emt 0:08:28]} a5 {[%emt 0:00:08]} 16. O-O {[%emt 0:02:54]} a4 {[%emt 0:01:55]} 17. Rb1 {[%emt 0:05:26]} axb3 {[%emt 0:01:15]} 18. Rxb3 {[%emt 0:02:06]} Qa6 {[%emt 0:00:03]} 19. Rfb1 {[%emt 0:07:27]} Qxa2 {[%emt 0:04:07]} 20. Qxa2 {[%emt 0:02:34]} Rxa2 {[%emt 0:00:08]} 21. Rxb7 {[%emt 0:00:40]} Na6 {[%emt 0:00:13]} 22. Bf1 {[%emt 0:04:49]} Bd4 {[%emt 0:04:00]} 23. Bh4 {[%emt 0:05:11]} f5 {[%emt 0:01:16]} 24. Ra7 {[%emt 0:04:28]} g5 {[%emt 0:02:57]} 25. Bxg5 {[%emt 0:06:44]} Rxf2 {[%emt 0:00:07]} 26. Kh1 {[%emt 0:01:17]} Nb4 {[%emt 0:00:08]} 27. Bh4 {[%emt 0:03:09]} Rf4 {[%emt 0:00:13]} 28. Bg3 {[%emt 0:03:51]} Rfe4 {[%emt 0:00:53]} 29. Rd7 {[%emt 0:06:39]} f4 {[%emt 0:02:00]} 30. Bh4 {[%emt 0:01:29]} f3 {[%emt 0:00:08]} 31. g3 {[%emt 0:02:02]} Re1 {[%emt 0:00:21]} 32. Rd8 {[%emt 0:00:31]} Rxb1 {[%emt 0:00:38]} 33. Rxe8+ {[%emt 0:00:09]} Kf7 {[%emt 0:00:13]} 34. Re7+ {[%emt 0:00:28]} Kf8 {[%emt 0:00:05]} 0-1

[Event "EYTCC U12 Open 2019"]
[Site "Pardubice"]
[Date "2019.07.17"]
[Round "7.22"]
[White "Dias, Savin"]
[Black "Skrbec, Leon"]
[Result "1/2-1/2"]
[WhiteElo "1840"]
[BlackElo "1896"]
[Annotator "NA"]
[PlyCount "90"]
[EventDate "2019.07.11"]
[EventType "swiss"]
[EventCountry "CZE"]
[SourceTitle "playchess.com"]
[Source "ChessBase"]
[SourceQuality "1"]
[WhiteTeam "England"]
[BlackTeam "Slovenia"]
[WhiteTeamCountry "ENG"]
[BlackTeamCountry "SLO"]
[TimeControl "40/5400+30:1800+30"]

1. e4 {[%emt 0:00:00]} c6 {[%emt 0:00:00]} 2. d4 {[%emt 0:00:00]} d5 {[%emt 0:00:00]} 3. Nc3 {[%emt 0:00:00]} dxe4 {[%emt 0:00:00]} 4. Nxe4 {[%emt 0:00:00]} Bf5 {[%emt 0:00:00]} 5. Ng3 {[%emt 0:00:00]} Bg6 {[%emt 0:00:03]} 6. h4 {[%emt 0:00:00]} h6 {[%emt 0:00:06]} 7. Nf3 {[%emt 0:00:00]} Nd7 {[%emt 0:00:14]} 8. h5 {[%emt 0:00:00]} Bh7 {[%emt 0:00:06]} 9. Bd3 {[%emt 0:00:00]} Bxd3 {[%emt 0:00:06]} 10. Qxd3 {[%emt 0:00:00]} Ngf6 {[%emt 0:00:14]} 11. Bd2 {[%emt 0:00:41]} e6 {[%emt 0:00:06]} 12. O-O-O {[%emt 0:00:15]} Bd6 {[%emt 0:00:33]} 13. Ne4 {[%emt 0:00:42]} Nxe4 {[%emt 0:00:08]} 14. Qxe4 {[%emt 0:00:05]} Nf6 {[%emt 0:00:25]} 15. Qe2 {[%emt 0:01:23]} Qc7 {[%emt 0:01:04]} 16. g3 {[%emt 0:04:20]} O-O-O {[%emt 0:01:07]} 17. Kb1 {[%emt 0:02:36]} c5 {[%emt 0:01:59]} 18. c3 {[%emt 0:02:11]} c4 {[%emt 0:01:47]} 19. Ne5 {[%emt 0:06:48]} Bxe5 {[%emt 0:04:54]} 20. dxe5 Nd5 {[%emt 0:00:38]} 21. Rh4 {[%emt 0:04:40]} b5 {[%emt 0:02:30]} 22. Rd4 {[%emt 0:04:19]} Ne7 {[%emt 0:11:31]} 23. Bf4 {[%emt 0:01:45]} Nf5 {[%emt 0:01:20]} 24. Rxd8+ {[%emt 0:07:25]} Rxd8 {[%emt 0:01:34]} 25. Rxd8+ {[%emt 0:00:05]} Qxd8 {[%emt 0:00:30]} 26. Qe4 {[%emt 0:01:11]} Qd1+ {[%emt 0:02:23]} 27. Bc1 {[%emt 0:00:03]} Qd5 {[%emt 0:01:06]} 28. Qxd5 {[%emt 0:00:12]} exd5 {[%emt 0:00:06]} 29. Bf4 {[%emt 0:00:25]} Kd7 {[%emt 0:00:31]} 30. Kc1 {[%emt 0:01:16]} Ke6 {[%emt 0:03:15]} 31. Kd2 {[%emt 0:00:16]} Ne7 {[%emt 0:00:54]} 32. Be3 {[%emt 0:03:18]} Kxe5 {[%emt 0:13:20]} 33. Bxa7 {[%emt 0:01:39]} Nc6 {[%emt 0:04:12]} 34. Bc5 {[%emt 0:01:29]} Kf5 {[%emt 0:02:12]} 35. Bf8 {[%emt 0:03:26]} Kg5 {[%emt 0:01:47]} 36. Bxg7 {[%emt 0:00:50]} Kxh5 {[%emt 0:00:07]} 37. Ke3 {[%emt 0:00:54]} Kg6 {[%emt 0:00:16]} 38. Bd4 {[%emt 0:01:43]} Kf5 {[%emt 0:00:38]} 39. f3 {[%emt 0:01:57]} h5 {[%emt 0:00:23]} 40. a3 {[%emt 0:00:48]} Nd8 {[%emt 0:03:48]} 41. Bc5 {[%emt 0:35:35]} Ne6 {[%emt 0:31:12]} 42. Bd6 {[%emt 0:00:41]} Kg5 {[%emt 0:00:36]} 43. Bb4 {[%emt 0:01:24]} Kf5 {[%emt 0:07:53]} 44. Bd6 {[%emt 0:00:12]} Kg5 {[%emt 0:04:02]} 45. Bb4 {[%emt 0:00:06]} Kf5 {[%emt 0:00:33]} 1/2-1/2

[Event "EYTCC U12 Open 2019"]
[Site "Pardubice"]
[Date "2019.07.17"]
[Round "7.23"]
[White "Gregoric, Andraz"]
[Black "Merriman, James"]
[Result "0-1"]
[WhiteElo "1911"]
[BlackElo "1808"]
[Annotator "NA"]
[PlyCount "60"]
[EventDate "2019.07.11"]
[EventType "swiss"]
[EventCountry "CZE"]
[SourceTitle "playchess.com"]
[Source "ChessBase"]
[SourceQuality "1"]
[WhiteTeam "Slovenia"]
[BlackTeam "England"]
[WhiteTeamCountry "SLO"]
[BlackTeamCountry "ENG"]
[TimeControl "40/5400+30:1800+30"]

1. e4 {[%emt 0:00:00]} e6 {[%emt 0:00:00]} 2. d4 {[%emt 0:00:00]} d5 {[%emt 0:00:09]} 3. Nd2 {[%emt 0:00:00]} Be7 {[%emt 0:00:11]} 4. Bd3 {[%emt 0:00:00]} c5 {[%emt 0:00:09]} 5. dxc5 {[%emt 0:00:17]} Nf6 {[%emt 0:00:14]} 6. Qe2 {[%emt 0:00:29]} O-O {[%emt 0:00:43]} 7. Ngf3 {[%emt 0:04:04]} a5 {[%emt 0:00:23]} 8. O-O {[%emt 0:03:42]} Na6 {[%emt 0:00:37]} 9. c3 {[%emt 0:29:56]} Nxc5 {[%emt 0:01:18]} 10. Bc2 {[%emt 0:00:15]} b6 {[%emt 0:06:15]} 11. Qe3 {[%emt 0:08:16]} Ncxe4 {[%emt 0:06:31]} 12. Nxe4 {[%emt 0:00:40]} dxe4 {[%emt 0:01:21]} 13. Bxe4 {[%emt 0:06:36]} Bc5 {[%emt 0:00:54]} 14. Nd4 {[%emt 0:01:09]} Nxe4 15. Qxe4 {[%emt 0:01:15]} Ba6 {[%emt 0:08:22]} 16. Rd1 {[%emt 0:02:54]} Re8 {[%emt 0:08:29]} 17. Be3 {[%emt 0:01:39]} f5 {[%emt 0:11:05]} 18. Qf3 {[%emt 0:05:42]} Qf6 {[%emt 0:03:55]} 19. Rd2 {[%emt 0:16:53]} f4 {[%emt 0:07:44]} 20. Bxf4 {[%emt 0:05:11]} e5 {[%emt 0:00:12]} 21. Qd5+ {[%emt 0:00:09]} Kh8 {[%emt 0:01:30]} 22. Bxe5 {[%emt 0:00:14]} Qxe5 {[%emt 0:00:10]} 23. Qxe5 {[%emt 0:00:29]} Rxe5 {[%emt 0:00:08]} 24. Nf3 {[%emt 0:00:07]} Re7 {[%emt 0:00:44]} 25. a3 {[%emt 0:00:17]} a4 {[%emt 0:00:54]} 26. Rad1 {[%emt 0:00:05]} Rae8 {[%emt 0:01:00]} 27. Rd5 {[%emt 0:00:12]} Re2 {[%emt 0:00:46]} 28. Rd8 {[%emt 0:00:17]} Bxf2+ {[%emt 0:00:37]} 29. Kh1 {[%emt 0:00:03]} h6 {[%emt 0:00:47]} 30. Rxe8+ {[%emt 0:00:26]} Rxe8 {[%emt 0:00:09]} 0-1

[Event "EYTCC U12 Open 2019"]
[Site "Pardubice"]
[Date "2019.07.17"]
[Round "7.24"]
[White "Thatte, Nishchal"]
[Black "Olenik Campa, Rudi"]
[Result "1-0"]
[WhiteElo "1686"]
[BlackElo "1854"]
[Annotator "NA"]
[PlyCount "119"]
[EventDate "2019.07.11"]
[EventType "swiss"]
[EventCountry "CZE"]
[SourceTitle "playchess.com"]
[Source "ChessBase"]
[SourceQuality "1"]
[WhiteTeam "England"]
[BlackTeam "Slovenia"]
[WhiteTeamCountry "ENG"]
[BlackTeamCountry "SLO"]
[TimeControl "40/5400+30:1800+30"]

1. e4 {[%emt 0:00:00]} e6 {[%emt 0:00:00]} 2. d4 {[%emt 0:00:00]} d5 {[%emt 0:00:00]} 3. Nd2 {[%emt 0:00:04]} Nf6 {[%emt 0:00:00]} 4. e5 {[%emt 0:00:15]} Nfd7 {[%emt 0:00:02]} 5. Bd3 {[%emt 0:00:14]} c5 {[%emt 0:00:07]} 6. c3 {[%emt 0:00:19]} Nc6 {[%emt 0:00:07]} 7. Ne2 {[%emt 0:00:22]} cxd4 {[%emt 0:00:10]} 8. cxd4 {[%emt 0:00:14]} f6 {[%emt 0:00:21]} 9. exf6 {[%emt 0:00:15]} Nxf6 {[%emt 0:00:06]} 10. Nf3 {[%emt 0:00:23]} Bd6 {[%emt 0:00:14]} 11. O-O {[%emt 0:00:16]} O-O {[%emt 0:00:15]} 12. Bf4 {[%emt 0:22:21]} Bxf4 {[%emt 0:01:59]} 13. Nxf4 {[%emt 0:00:18]} Ng4 {[%emt 0:02:15]} 14. Qd2 {[%emt 0:03:02]} Qd6 {[%emt 0:00:54]} 15. g3 {[%emt 0:02:03]} e5 {[%emt 0:06:11]} 16. dxe5 {[%emt 0:01:34]} Ngxe5 {[%emt 0:00:59]} 17. Be2 {[%emt 0:04:57]} d4 {[%emt 0:01:40]} 18. Nxe5 {[%emt 0:03:32]} Nxe5 {[%emt 0:00:45]} 19. Rad1 {[%emt 0:01:36]} Rd8 {[%emt 0:02:57]} 20. Nd3 {[%emt 0:06:46]} Be6 {[%emt 0:06:21]} 21. Nxe5 {[%emt 0:04:12]} Qxe5 {[%emt 0:00:21]} 22. Rfe1 {[%emt 0:00:38]} Qd6 {[%emt 0:00:49]} 23. b3 {[%emt 0:02:05]} Rac8 {[%emt 0:09:45]} 24. Qg5 {[%emt 0:03:10]} Rc5 {[%emt 0:09:04]} 25. Qh4 {[%emt 0:01:52]} b5 {[%emt 0:06:32]} 26. Bxb5 {[%emt 0:03:42]} g5 {[%emt 0:01:31]} 27. Qh6 {[%emt 0:00:21]} Bf7 {[%emt 0:06:07]} 28. Qxd6 {[%emt 0:01:19]} Rxd6 {[%emt 0:00:05]} 29. Bd3 {[%emt 0:00:19]} Bh5 {[%emt 0:04:46]} 30. Rd2 {[%emt 0:00:58]} Bf3 {[%emt 0:01:16]} 31. Bc4+ {[%emt 0:01:03]} Kf8 {[%emt 0:00:17]} 32. Rd3 {[%emt 0:00:31]} Bh5 {[%emt 0:00:25]} 33. Re4 {[%emt 0:01:44]} Bg6 {[%emt 0:02:04]} 34. Rexd4 {[%emt 0:06:16]} Bxd3 {[%emt 0:00:57]} 35. Rxd6 {[%emt 0:00:08]} Bxc4 {[%emt 0:00:05]} 36. bxc4 {[%emt 0:00:07]} Rxc4 {[%emt 0:00:25]} 37. Rd7 {[%emt 0:00:55]} Ra4 {[%emt 0:00:43]} 38. Rxh7 {[%emt 0:00:27]} Rxa2 {[%emt 0:01:23]} 39. Rh5 {[%emt 0:00:09]} Ra5 {[%emt 0:00:06]} 40. h4 {[%emt 0:05:21]} Ra1+ {[%emt 0:00:45]} 41. Kg2 {[%emt 0:30:20]} gxh4 {[%emt 0:30:08]} 42. Rxh4 {[%emt 0:01:31]} Kf7 {[%emt 0:00:16]} 43. Rh8 {[%emt 0:00:16]} a5 {[%emt 0:00:12]} 44. Ra8 {[%emt 0:00:02]} Kf6 {[%emt 0:00:15]} 45. f4 {[%emt 0:00:42]} Kf5 {[%emt 0:00:30]} 46. Kf3 {[%emt 0:00:27]} Ra3+ {[%emt 0:00:08]} 47. Kg2 {[%emt 0:00:06]} Ra1 {[%emt 0:00:06]} 48. Rf8+ {[%emt 0:00:31]} Kg4 {[%emt 0:00:08]} 49. Rg8+ {[%emt 0:04:33]} Kf5 {[%emt 0:00:07]} 50. Rg5+ {[%emt 0:00:20]} Kf6 {[%emt 0:00:05]} 51. Rb5 {[%emt 0:00:25]} a4 {[%emt 0:01:20]} 52. Ra5 {[%emt 0:00:11]} a3 {[%emt 0:00:31]} 53. g4 {[%emt 0:00:24]} a2 {[%emt 0:00:12]} 54. Ra6+ {[%emt 0:00:13]} Kf7 {[%emt 0:02:09]} 55. g5 {[%emt 0:00:29]} Kg7 {[%emt 0:00:42]} 56. f5 {[%emt 0:00:18]} Kf7 {[%emt 0:01:58]} 57. Ra7+ {[%emt 0:00:27]} Kg8 {[%emt 0:00:29]} 58. g6 {[%emt 0:00:25]} Kf8 {[%emt 0:00:03]} 59. f6 {[%emt 0:00:07]} Re1 {[%emt 0:00:17]} 60. Ra8+ {[%emt 0:00:39]} 1-0